Podnikatelská dokumentace

Enregistré dans:
Détails bibliographiques
Format: Livre
Langue:tchèque
Publié: Praha Průmysl a obchod 1992
Édition:1. vyd.
Collection:Podnikáme na náročných trzích 4
Sujets:
Tags: Ajouter un tag
Pas de tags, Soyez le premier à ajouter un tag!

MARC

LEADER 00000nam a2200000 4500
001 c001911
005 20221214090312.1
020 |a 80-85603-18-7 
041 0 |a cze 
044 |a CZ 
245 1 0 |a Podnikatelská dokumentace 
250 |a 1. vyd. 
264 1 |a Praha  |b Průmysl a obchod  |c 1992 
300 |a 337 s. 
490 1 |a Podnikáme na náročných trzích 4 
830 0 |a Podnikáme na náročných trzích 4 
610 2 0 |a podnikanie 
610 2 0 |a marketing 
610 2 0 |a politika podniková 
610 2 0 |a bilancie 
610 2 0 |a bilancia materiálová 
610 2 0 |a prostriedky obežné 
610 2 0 |a plánovanie strategické 
610 2 0 |a zmluvy hospodárske 
610 2 0 |a lízing 
610 2 0 |a zmluvy licenčné 
610 2 0 |a dokumentácia 
610 2 0 |a franchising 
610 2 0 |a makléri 
610 2 0 |a zmluvy kooperačné